[Event "Bastia FRA, Coca Cola Blitz 201"]
[Site "Bastia FRA"]
[Date "2017.10.24"]
[Round "9.5"]
[White "Massoni, Michael"]
[Black "Jumabayev, Rinat"]
[Result "0-1"]
[WhiteElo "2352"]
[BlackElo "2603"]
[PlyCount "56"]
[EventDate "2017.10.24"]
[EventType "swiss"]
[EventRounds "9"]
[EventCountry "FRA"]
[SourceTitle "OM OTB B 201907"]
[Source "Opening Master"]
[SourceDate "2019.07.06"]
[SourceVersion "2"]
[SourceVersionDate "2019.07.06"]
[SourceQuality "1"]

1. e4 c5 2. Nf3 d6 3. d4 cxd4 4. Nxd4 Nf6 5. Nc3 Nc6 6. Be2 e5 7. Nf3 h6 8. h3
Be6 9. O-O Be7 10. Re1 O-O 11. Bf1 a5 12. Na4 Nd7 13. c4 Kh8 14. Nc3 f5 15.
exf5 Bxf5 16. Nd5 Nb6 17. Be3 Nxd5 18. Qxd5 Nb4 19. Qd2 Nc2 20. Bxh6 Nxa1 21.
Rxa1 gxh6 22. Qxh6+ Bh7 23. Bd3 Rf7 24. Re1 Qg8 25. Qh5 Raf8 26. Be4 Rf5 27.
Bxf5 Rxf5 28. Qh6 Rxf3 0-1

[Event "Bastia FRA, Coca Cola Blitz 201"]
[Site "Bastia FRA"]
[Date "2017.10.24"]
[Round "7.6"]
[White "Massoni, Michael"]
[Black "Lubbe, Nikolas"]
[Result "1-0"]
[WhiteElo "2352"]
[BlackElo "2515"]
[PlyCount "69"]
[EventDate "2017.10.24"]
[EventType "swiss"]
[EventRounds "9"]
[EventCountry "FRA"]
[SourceTitle "OM OTB B 201907"]
[Source "Opening Master"]
[SourceDate "2019.07.06"]
[SourceVersion "2"]
[SourceVersionDate "2019.07.06"]
[SourceQuality "1"]

1. e4 c5 2. Nf3 Nc6 3. Nc3 Nf6 4. d4 cxd4 5. Nxd4 d6 6. Be2 e5 7. Nf3 h6 8. O-O
Be7 9. h3 O-O 10. Re1 Be6 11. Bf1 a6 12. a4 Rc8 13. b3 Nb4 14. Bb2 Rc7 15. Nd2
Qc8 16. Nc4 Bxc4 17. Bxc4 Rxc4 18. bxc4 Qxc4 19. Rc1 Rc8 20. Qf3 Nc6 21. Qg3
Nd4 22. Kh1 Bd8 23. Nd1 Ba5 24. Ne3 Qa2 25. Bxd4 Nxe4 26. Qf3 Bxe1 27. Rxe1
exd4 28. Nf5 Rxc2 29. Qxe4 Rxf2 30. Qg4 g6 31. Nxh6+ Kh7 32. Qh4 Kg7 33. Ng4
Re2 34. Qh6+ Kg8 35. Nf6# 1-0

[Event "Dhaka BAN, 2nd League 2017"]
[Site "Dhaka BAN"]
[Date "2017.10.23"]
[Round "2.4"]
[White "Md. Zafrul, Islam"]
[Black "Md. Jasim, Uddin"]
[Result "1/2-1/2"]
[WhiteElo "1866"]
[BlackElo "1647"]
[PlyCount "72"]
[EventDate "2017.10.22"]
[EventType "team-swiss"]
[EventRounds "7"]
[EventCountry "BAN"]
[SourceTitle "OM OTB B 201907"]
[Source "Opening Master"]
[SourceDate "2019.07.06"]
[SourceVersion "2"]
[SourceVersionDate "2019.07.06"]
[SourceQuality "1"]
[WhiteTeam "Morning Glory Chess Club"]
[BlackTeam "Dabanol Chess Club"]

1. e4 c5 2. Nf3 Nc6 3. d4 cxd4 4. Nxd4 Nf6 5. Nc3 d6 6. Be2 e5 7. Nxc6 bxc6 8.
O-O Be7 9. Qd3 O-O 10. Bg5 Be6 11. Rad1 Ne8 12. Bxe7 Qxe7 13. Qa6 Qc7 14. Bc4
Bxc4 15. Qxc4 Kh8 16. b4 a6 17. a4 Nf6 18. b5 Rfd8 19. bxc6 Rac8 20. Qxa6 Qxc6
21. Qxc6 Rxc6 22. Nb5 Nxe4 23. Rfe1 Nc3 24. Nxc3 Rxc3 25. Rxe5 Rxc2 26. Red5
Rc6 27. f4 Kg8 28. Kf2 Kf8 29. Kf3 Ke7 30. R1d3 g6 31. Re3+ Kd7 32. f5 Re8 33.
Rxe8 Kxe8 34. fxg6 hxg6 35. Ke4 Rc4+ 36. Rd4 Rc2 1/2-1/2

[Event "FICS rated standard game"]
[Site "FICS freechess.org"]
[Date "2017.10.20"]
[Round "?"]
[White "elisabeth"]
[Black "NightFury"]
[Result "0-1"]
[WhiteElo "1979"]
[BlackElo "2107"]
[PlyCount "64"]
[EventDate "2017.??.??"]
[EventType "swiss"]

1. e4 c5 2. Nf3 d6 3. d4 cxd4 4. Nxd4 Nf6 5. Nc3 Nc6 6. Be2 e5 7. Nb3 Be6 8.
O-O a5 9. a4 Be7 10. f4 O-O 11. f5 Bxb3 12. cxb3 Nd4 13. Be3 d5 14. Bxd4 exd4
15. Nxd5 Nxd5 16. exd5 Qxd5 17. Bc4 Qc5 18. f6 Bxf6 19. Qg4 Qg5 20. Qf3 Qe3+
21. Kh1 Qxf3 22. Rxf3 Rfe8 23. Raf1 Rad8 24. g4 h6 25. h4 Re4 26. Rf4 Rxf4 27.
Rxf4 d3 28. Rf1 d2 29. Rd1 Bxh4 30. Kg2 Bf6 31. Kf3 Bxb2 32. Ke3 Bc3 0-1

[Event "POR Associations Cup"]
[Site "Almeirim"]
[Date "2017.10.15"]
[Round "2.2"]
[White "Palhais, Custodio"]
[Black "Aguera Naredo, Javier"]
[Result "0-1"]
[WhiteElo "1762"]
[BlackElo "2389"]
[PlyCount "83"]
[EventDate "2017.10.14"]
[EventType "team-k.o."]
[EventRounds "3"]
[EventCountry "POR"]
[SourceTitle "OM OTB B 201907"]
[Source "Opening Master"]
[SourceDate "2019.07.06"]
[SourceVersion "2"]
[SourceVersionDate "2019.07.06"]
[SourceQuality "1"]
[WhiteTeam "Ateneu Popular Montijo"]
[BlackTeam "Dias Ferreira"]
[WhiteTeamCountry "POR"]
[BlackTeamCountry "POR"]

1. e4 c5 2. Nf3 d6 3. d4 cxd4 4. Nxd4 Nf6 5. Nc3 Nc6 6. Be2 e5 7. Nb3 Be7 8.
Be3 O-O 9. f3 a5 10. a4 Nb4 11. Nd5 Nfxd5 12. exd5 Bf5 13. Rc1 Bg5 14. Bxg5
Qxg5 15. O-O Qe3+ 16. Rf2 Nxc2 17. Rxc2 Qxb3 18. Rd2 Qxd1+ 19. Bxd1 Rac8 20.
Bc2 Bd7 21. Bb3 Rc1+ 22. Rf1 Rfc8 23. Rdd1 Rxd1 24. Rxd1 Kf8 25. Kf1 Rc5 26.
Ke1 Ke7 27. Kd2 f5 28. Rc1 Rxc1 29. Kxc1 Kf6 30. Kd2 g5 31. Bc2 h5 32. b3 f4
33. Bd3 Bf5 34. Be2 e4 35. Kc3 Ke5 36. Kc4 exf3 37. gxf3 Bd7 38. Bd3 Be8 39.
Be2 Bf7 40. Kb5 Bxd5 41. b4 axb4 42. Kxb4 0-1

[Event "Regionalliga Ost 1718 (Women)"]
[Site "Germany"]
[Date "2017.10.15"]
[Round "1.4"]
[White "Sandner, Heike"]
[Black "Enderlein, Jenny"]
[Result "1-0"]
[WhiteElo "1718"]
[BlackElo "1404"]
[PlyCount "123"]
[EventDate "2017.10.15"]
[EventType "team-tourn"]
[EventRounds "5"]
[EventCountry "GER"]
[SourceTitle "OM OTB B 201907"]
[Source "Opening Master"]
[SourceDate "2019.07.06"]
[SourceVersion "2"]
[SourceVersionDate "2019.07.06"]
[SourceQuality "1"]
[WhiteTeam "Rodewischer Schachmiezen (W) II"]
[BlackTeam "Dresden Gruen Weiss (W)"]
[WhiteTeamCountry "GER"]
[BlackTeamCountry "GER"]

1. e4 c5 2. Nf3 d6 3. d4 cxd4 4. Nxd4 Nc6 5. Nc3 Nf6 6. Be2 e5 7. Nf3 Be7 8.
O-O O-O 9. Re1 Bg4 10. h3 Bh5 11. Be3 Bg6 12. Bd3 a6 13. Nd2 Nb4 14. Nb3 h6 15.
a3 Nc6 16. Rf1 Re8 17. Qd2 Bf8 18. Rae1 b6 19. Nc1 b5 20. f4 exf4 21. Bxf4 Ne5
22. Nd5 Nxd5 23. exd5 Bxd3 24. Nxd3 Nc4 25. Qf2 Qd7 26. b3 Nxa3 27. Ra1 b4 28.
Nxb4 Nb5 29. Rxa6 Rxa6 30. Nxa6 Qb7 31. Nb4 Nc3 32. Bd2 Qxb4 33. Qxf7+ Kh7 34.
Qxe8 Qd4+ 35. Be3 Ne2+ 36. Kh2 Qh4 37. Qxf8 Qg3+ 38. Kh1 Qxe3 39. Qf5+ Kh8 40.
Qf8+ Kh7 41. Qf5+ Kh8 42. Qf2 Ng3+ 43. Kh2 Nxf1+ 44. Qxf1 Qe5+ 45. g3 Qxd5 46.
Qf2 Kg8 47. Qf4 Qd1 48. Qe4 d5 49. Qd3 Qxd3 50. cxd3 Kf7 51. d4 Ke7 52. g4 Kd6
53. g5 h5 54. Kg3 g6 55. Kf4 Ke6 56. b4 Kd6 57. b5 h4 58. b6 Kc6 59. Ke5 Kxb6
60. Kxd5 Kc7 61. Ke6 Kd8 62. Kf6 1-0

[Event "Braila Albulet Memorial (Women) 10th"]
[Site "Braila"]
[Date "2017.10.14"]
[Round "9"]
[White "Bulmaga, Irina"]
[Black "Djukic, Sandra"]
[Result "1/2-1/2"]
[WhiteElo "2423"]
[BlackElo "2084"]
[PlyCount "78"]
[EventDate "2017.10.07"]
[EventType "swiss"]
[EventRounds "9"]
[EventCountry "ROU"]
[SourceTitle "OM OTB B 201907"]
[Source "Opening Master"]
[SourceDate "2019.07.06"]
[SourceVersion "2"]
[SourceVersionDate "2019.07.06"]
[SourceQuality "1"]

1. e4 c5 2. Nf3 Nc6 3. d4 cxd4 4. Nxd4 Nf6 5. Nc3 d6 6. Be2 e5 7. Nf3 h6 8. O-O
Be7 9. h3 Be6 10. Re1 O-O 11. Bf1 Rc8 12. b3 Nb4 13. Bb2 d5 14. exd5 Nfxd5 15.
Nxd5 Qxd5 16. c3 Qxd1 17. Rexd1 Nc6 18. Re1 Rfd8 19. Bb5 f6 20. Rad1 Rxd1 21.
Rxd1 Kf7 22. Kf1 a6 23. Bd3 f5 24. Bb1 e4 25. Ne1 b5 26. f3 exf3 27. Nxf3 Bf6
28. Nd4 Nxd4 29. cxd4 g6 30. Bc1 h5 31. Be3 Bd5 32. Bd2 Rd8 33. Ba5 Rc8 34. Bd3
h4 35. Be1 Ke6 36. Bf2 Rc3 37. Be1 Rc8 38. Bf2 Rc3 39. Be1 Rc8 1/2-1/2

[Event "Rio de Janeiro Padua Memorial 2nd"]
[Site "Rio de Janeiro"]
[Date "2017.10.12"]
[Round "2"]
[White "Chauca, Jose Luis Murga"]
[Black "Limp, Eduardo Thelio"]
[Result "0-1"]
[WhiteElo "2063"]
[BlackElo "2379"]
[PlyCount "80"]
[EventDate "2017.10.12"]
[EventType "swiss"]
[EventRounds "6"]
[EventCountry "BRA"]
[SourceTitle "OM OTB B 201907"]
[Source "Opening Master"]
[SourceDate "2019.07.06"]
[SourceVersion "2"]
[SourceVersionDate "2019.07.06"]
[SourceQuality "1"]

1. e4 c5 2. Nf3 d6 3. d4 cxd4 4. Nxd4 Nf6 5. Nc3 Nc6 6. Be2 e5 7. Nb3 Be7 8.
O-O O-O 9. h3 a5 10. a3 Be6 11. Be3 a4 12. Nd2 Nd4 13. Bd3 d5 14. exd5 Bxd5 15.
Nxd5 Nxd5 16. Qh5 g6 17. Qd1 Nxe3 18. fxe3 Ne6 19. Rb1 Bc5 20. Re1 Qh4 21. Nf1
Rad8 22. Qg4 Qxg4 23. hxg4 Be7 24. Red1 Nc5 25. Be2 Kg7 26. Rxd8 Rxd8 27. g3
Kh6 28. Kf2 Kg5 29. Ke1 f5 30. gxf5 gxf5 31. Rd1 f4 32. Rxd8 Bxd8 33. Nd2 Bc7
34. Kf2 h5 35. c3 h4 36. gxh4+ Kxh4 37. Bb5 Bb6 38. Ke2 Kg4 39. Bc4 Bd8 40. Bb5
Bc7 0-1

[Event "Styer Landesliga 1718"]
[Site "Austria"]
[Date "2017.10.07"]
[Round "2.4"]
[White "Guede, Werner"]
[Black "Wittmann, Walter"]
[Result "1-0"]
[WhiteElo "2015"]
[BlackElo "2124"]
[PlyCount "151"]
[EventDate "2017.09.30"]
[EventType "team-tourn"]
[EventRounds "11"]
[EventCountry "AUT"]
[SourceTitle "OM OTB B 201907"]
[Source "Opening Master"]
[SourceDate "2019.07.06"]
[SourceVersion "2"]
[SourceVersionDate "2019.07.06"]
[SourceQuality "1"]
[WhiteTeam "Graz Schachgesellschaft"]
[BlackTeam "Graz Styria"]
[WhiteTeamCountry "AUT"]
[BlackTeamCountry "AUT"]

1. e4 c5 2. Nf3 d6 3. d4 cxd4 4. Nxd4 Nf6 5. Nc3 Nc6 6. Be2 e5 7. Nb3 Be6 8.
Bg5 h6 9. Bxf6 Qxf6 10. O-O a5 11. a4 Qd8 12. Nd5 Be7 13. Bb5 O-O 14. c3 Bg5
15. Qd3 Ne7 16. Bc4 Ng6 17. Rad1 Kh8 18. Rfe1 f5 19. f3 fxe4 20. Qxe4 Bf5 21.
Qe2 Nf4 22. Nxf4 Bxf4 23. Bd5 Rf6 24. g3 Rg6 25. Qf2 Bc8 26. Be4 Rg5 27. Kh1
Bxg3 28. hxg3 Rh5+ 29. Kg1 Be6 30. Nc5 Bg8 31. Nxb7 Qg5 32. Rxd6 Rh3 33. Rg6
Qh5 34. f4 Rf8 35. Qe2 Rh1+ 36. Bxh1 Qxg6 37. Qxe5 Qxg3+ 38. Bg2 Rxf4 39. Qe3
Rf3 40. Qxf3 Qxe1+ 41. Qf1 Qe3+ 42. Qf2 Qc1+ 43. Kh2 Qd1 44. Nc5 Qh5+ 45. Bh3
Qe5+ 46. Kg1 Qg5+ 47. Bg2 Qc1+ 48. Kh2 Qg5 49. Nd3 Qh5+ 50. Kg1 Qd1+ 51. Ne1
Qxa4 52. Qe2 Qb3 53. Nf3 a4 54. Nd4 Qb6 55. Qb5 Qa7 56. Qe8 Qa5 57. Qf8 Qe5 58.
Nf3 Qe2 59. Qb4 Qe3+ 60. Kh2 Qc1 61. Nh4 Qc2 62. Kg3 Qd3+ 63. Bf3 Qb1 64. Be4
Qe1+ 65. Kg4 Qg1+ 66. Ng2 Qd1+ 67. Kf4 Qd2+ 68. Ke5 Qg5+ 69. Kd4 Qd2+ 70. Kc5
Qf2+ 71. Kb5 Qe2+ 72. Ka5 Qf2 73. Kxa4 Qa7+ 74. Kb5 Qd7+ 75. Kc5 Qe7+ 76. Kd4
1-0

[Event "Caioba BRA, Copel Telecom Open 2017"]
[Site "Caioba BRA"]
[Date "2017.10.01"]
[Round "8.21"]
[White "De Borba, Gabriel"]
[Black "Chemin, Vitorio"]
[Result "1/2-1/2"]
[WhiteElo "1891"]
[BlackElo "2142"]
[PlyCount "32"]
[EventDate "2017.09.28"]
[EventType "swiss"]
[EventRounds "8"]
[EventCountry "BRA"]
[SourceTitle "OM OTB B 201907"]
[Source "Opening Master"]
[SourceDate "2019.07.06"]
[SourceVersion "2"]
[SourceVersionDate "2019.07.06"]
[SourceQuality "1"]

1. e4 c5 2. Nf3 Nc6 3. d4 cxd4 4. Nxd4 Nf6 5. Nc3 d6 6. Be2 e5 7. Nb3 Be7 8.
O-O a5 9. Bg5 Be6 10. Bxf6 Bxf6 11. Nd2 O-O 12. Nc4 Nd4 13. Ne3 Rc8 14. Bd3 Bg5
15. Ncd5 g6 16. c3 Nc6 1/2-1/2

[Event "GER-chT Seniors 26th"]
[Site "Templin"]
[Date "2017.10.01"]
[Round "7.3"]
[White "Herbrechtsmeier, Christof"]
[Black "Braeuner, Uwe"]
[Result "1/2-1/2"]
[WhiteElo "2270"]
[BlackElo "2176"]
[PlyCount "70"]
[EventDate "2017.09.25"]
[EventType "team-swiss"]
[EventRounds "7"]
[EventCountry "GER"]
[SourceTitle "OM OTB B 201907"]
[Source "Opening Master"]
[SourceDate "2019.07.06"]
[SourceVersion "2"]
[SourceVersionDate "2019.07.06"]
[SourceQuality "1"]
[WhiteTeam "Baden"]
[BlackTeam "Wuerttemberg"]
[WhiteTeamCountry "GER"]
[BlackTeamCountry "GER"]

1. e4 c5 2. Nf3 d6 3. d4 cxd4 4. Nxd4 Nf6 5. Nc3 Nc6 6. Be2 e5 7. Nf3 Be7 8.
O-O h6 9. Nd2 O-O 10. Nd5 Nxd5 11. exd5 Nb4 12. Nc4 f5 13. a3 Na6 14. b4 b6 15.
f4 e4 16. Bb2 Nc7 17. Ne3 Bf6 18. Bd4 Bxd4 19. Qxd4 Qf6 20. Qxf6 Rxf6 21. c4 g6
22. Rfd1 Kf8 23. Kf2 Ke7 24. Nc2 Bd7 25. a4 a5 26. Rdb1 Na6 27. Ke3 Rff8 28.
bxa5 bxa5 29. Nd4 Nc5 30. Bd1 Rfb8 31. Nb5 Bxb5 32. Rxb5 Rxb5 33. cxb5 Kd7 34.
Rb1 Rc8 35. b6 Rb8 1/2-1/2

[Event "GER-chT Seniors 26th"]
[Site "Templin"]
[Date "2017.10.01"]
[Round "7.1"]
[White "Gabriel, Josef"]
[Black "Krueger, Horst"]
[Result "1-0"]
[WhiteElo "2091"]
[BlackElo "2036"]
[PlyCount "61"]
[EventDate "2017.09.25"]
[EventType "team-swiss"]
[EventRounds "7"]
[EventCountry "GER"]
[SourceTitle "OM OTB B 201907"]
[Source "Opening Master"]
[SourceDate "2019.07.06"]
[SourceVersion "2"]
[SourceVersionDate "2019.07.06"]
[SourceQuality "1"]
[WhiteTeam "Wuerttemberg II"]
[BlackTeam "Mecklenburg Vorpommern II"]
[WhiteTeamCountry "GER"]
[BlackTeamCountry "GER"]

1. e4 c5 2. Nf3 d6 3. d4 cxd4 4. Nxd4 Nf6 5. Nc3 Nc6 6. Be2 e5 7. Nxc6 bxc6 8.
O-O Rb8 9. Re1 Be7 10. Bf3 O-O 11. b3 Qc7 12. Bb2 Nd7 13. Na4 Nb6 14. Nxb6 axb6
15. c4 f5 16. Qd3 f4 17. Rad1 Be6 18. a4 g5 19. h4 Qc8 20. Qe2 Kf7 21. Bh5+ Kg7
22. Rd3 h6 23. Red1 Kh7 24. Rxd6 Bxd6 25. Rxd6 Rd8 26. Bxe5 Rxd6 27. Bxd6 Qd7
28. Bxb8 Qd4 29. Qd1 Qxe4 30. Bf3 Qf5 31. Qe1 1-0

[Event "RUS-ch rapid"]
[Site "Sochi"]
[Date "2017.09.30"]
[Round "4"]
[White "Alekseev, Evgeny V"]
[Black "Alekseenko, Kirill"]
[Result "1/2-1/2"]
[WhiteElo "2622"]
[BlackElo "2563"]
[PlyCount "35"]
[EventDate "2017.09.30"]
[EventType "swiss (rapid)"]
[EventRounds "11"]
[EventCountry "RUS"]
[SourceTitle "OM OTB B 201907"]
[Source "Opening Master"]
[SourceDate "2019.07.06"]
[SourceVersion "2"]
[SourceVersionDate "2019.07.06"]
[SourceQuality "1"]

1. e4 c5 2. Nf3 Nc6 3. d4 cxd4 4. Nxd4 Nf6 5. Nc3 d6 6. Be2 e5 7. Nb3 Be7 8.
O-O O-O 9. Be3 a5 10. Nd2 Be6 11. Nc4 b5 12. Nb6 Rb8 13. Nbd5 b4 14. Nxf6+ Bxf6
15. Nd5 Bg5 16. Qd2 Bxe3 17. Nxe3 Nd4 18. Bd3 1/2-1/2

[Event "FICS rated standard game"]
[Site "FICS freechess.org"]
[Date "2017.09.30"]
[Round "?"]
[White "konozrout"]
[Black "JACBON"]
[Result "1-0"]
[WhiteElo "2292"]
[BlackElo "1756"]
[PlyCount "77"]
[EventDate "2017.??.??"]
[EventType "swiss"]

1. e4 c5 2. Nf3 Nc6 3. d4 cxd4 4. Nxd4 d6 5. Nc3 Nf6 6. Be2 e5 7. Nb3 Be7 8.
O-O O-O 9. Kh1 a6 10. f3 b5 11. Be3 Bb7 12. Qd2 Nb8 13. Rad1 Nbd7 14. a4 b4 15.
Nd5 Nxd5 16. exd5 a5 17. f4 Bf6 18. c3 bxc3 19. bxc3 Qc7 20. c4 Nb6 21. Nxa5
Nxa4 22. Nxb7 Qxb7 23. Bd3 Qb2 24. Bf5 Qxd2 25. Rxd2 Rfb8 26. Ra2 Nb2 27. Rxa8
Rxa8 28. Rc1 g6 29. fxe5 Bxe5 30. Bd7 Rd8 31. Bg4 f5 32. Bf3 Rc8 33. Be2 Kg7
34. c5 dxc5 35. Rxc5 Rxc5 36. Bxc5 Kf6 37. Bb5 Bc7 38. d6 Bd8 39. Bd4+ 1-0

[Event "26th TCh-CRO Div 1b 2017"]
[Site "Mati Losinj CRO"]
[Date "2017.09.29"]
[Round "2.4"]
[White "Krstic, U."]
[Black "Zufic, M."]
[Result "0-1"]
[WhiteElo "2395"]
[BlackElo "2395"]
[PlyCount "46"]
[EventDate "2017.09.28"]
[EventType "team"]
[EventRounds "9"]
[EventCountry "PHI"]
[SourceTitle "The Week in Chess 1195"]
[Source "Mark Crowther"]
[SourceDate "2017.10.02"]
[SourceVersion "1"]
[SourceVersionDate "2017.10.02"]
[SourceQuality "2"]
[WhiteTeam "SK STRIDON, Strigova"]
[BlackTeam "SK PULA, Pula"]

1. e4 c5 2. Ne2 Nc6 3. Nbc3 d6 4. d4 cxd4 5. Nxd4 Nf6 6. Be2 e5 7. Nf3 h6 8.
O-O Be7 9. Re1 O-O 10. h3 Be6 11. Bf1 Rc8 12. Nd5 Bxd5 13. exd5 Nb8 14. c4 Nbd7
15. b4 Nh7 16. Bb2 Ng5 17. Nd2 f5 18. Rc1 Bf6 19. c5 e4 20. Bxf6 Rxf6 21. Nb3
Nxh3+ 22. gxh3 Rg6+ 23. Kh1 Qg5 0-1

[Event "8. LSS CUP P-00005"]
[Site "LSS"]
[Date "2017.09.27"]
[Round "?"]
[White "Korchut, Adam"]
[Black "Gomez Galan Arense, Joaquin"]
[Result "1/2-1/2"]
[WhiteElo "1787"]
[BlackElo "1623"]
[PlyCount "122"]
[EventDate "2017.10.01"]
[SourceTitle "LSS to Dec2020"]
[Source "LSS ed TH"]
[SourceDate "2021.01.12"]
[SourceVersion "3"]
[SourceVersionDate "2021.01.12"]
[SourceQuality "1"]

1. e4 c5 2. Nf3 Nc6 3. d4 cxd4 4. Nxd4 Nf6 5. Nc3 d6 6. Be2 e5 7. Nb3 Be7 8.
O-O O-O 9. f4 exf4 10. Bxf4 Be6 11. Qd3 Re8 12. Rad1 Ne5 13. Qd4 a6 14. Qf2
Nfg4 15. Qe1 Bh4 16. Qd2 Nc4 17. Bxc4 Bxc4 18. Rf3 Ne5 19. Bxe5 dxe5 20. g3
Qb6+ 21. Qf2 Bd8 22. Nd5 Qg6 23. Nc5 Rc8 24. Nxb7 Bxd5 25. Rxd5 Bb6 26. Nc5
Rxc5 27. Rxc5 Qxe4 28. Re3 Qa8 29. b4 Bxc5 30. bxc5 Qd5 31. Rd3 Qc4 32. Qe3 e4
33. Rc3 Qd5 34. Rd3 Qc6 35. Rd6 Qb5 36. c6 h5 37. Kg2 Qc4 38. c3 Qxa2+ 39. Qf2
Qc4 40. Qd4 Qe2+ 41. Qf2 Qb5 42. Rd7 Rf8 43. Rd6 h4 44. Qe3 Qc4 45. Qd2 a5 46.
Qd5 Qxd5 47. Rxd5 Rc8 48. Rc5 hxg3 49. hxg3 a4 50. Kf2 a3 51. Ra5 Rxc6 52. Rxa3
f5 53. Ke3 Kf7 54. g4 fxg4 55. Kxe4 Kg6 56. Kf4 Kh5 57. Kg3 Rc4 58. Rb3 g6 59.
Kh2 Kh4 60. Ra3 Re4 61. Ra2 Rc4 1/2-1/2

[Event "GER-chT Seniors 26th"]
[Site "Templin"]
[Date "2017.09.26"]
[Round "2.2"]
[White "Dettmann, Gerd"]
[Black "Dobierzin, Olaf"]
[Result "1/2-1/2"]
[WhiteElo "2155"]
[BlackElo "2001"]
[PlyCount "119"]
[EventDate "2017.09.25"]
[EventType "team-swiss"]
[EventRounds "7"]
[EventCountry "GER"]
[SourceTitle "OM OTB B 201907"]
[Source "Opening Master"]
[SourceDate "2019.07.06"]
[SourceVersion "2"]
[SourceVersionDate "2019.07.06"]
[SourceQuality "1"]
[WhiteTeam "Mecklenburg Vorpommern"]
[BlackTeam "Blindenschachbund"]
[WhiteTeamCountry "GER"]
[BlackTeamCountry "GER"]

1. e4 c5 2. Nf3 d6 3. d4 cxd4 4. Nxd4 Nf6 5. Nc3 Nc6 6. Be2 e5 7. Nb3 Be7 8.
Be3 Be6 9. f3 d5 10. exd5 Nxd5 11. Nxd5 Bxd5 12. O-O O-O 13. c3 b6 14. Bb5 Rc8
15. Qe2 Be6 16. f4 Qc7 17. f5 Bd7 18. Qh5 e4 19. Bf4 Bd6 20. Bxc6 Bxc6 21. Bxd6
Qxd6 22. f6 Rfe8 23. Qg5 g6 24. Rad1 Qf8 25. Nd4 Bd7 26. Qe3 Rc5 27. Rf2 Rce5
28. h3 h6 29. Kh1 Kh7 30. Re1 Qd6 31. Rf4 Qd5 32. a3 Bc8 33. Ref1 Bd7 34. Re1
Bc8 35. Rf2 Bb7 36. Rd2 Qc4 37. Red1 Bc8 38. Rf2 Qc5 39. b4 Qc4 40. Nc2 Qc6 41.
Nd4 Qc4 42. Rc1 Bb7 43. a4 Qd3 44. Re1 Qxe3 45. Rxe3 Rd8 46. Kh2 a5 47. b5 Rc5
48. Nc6 Bxc6 49. bxc6 Rxc6 50. Rxe4 Rdd6 51. Re7 Rxf6 52. Rxf7+ Rxf7 53. Rxf7+
Kg8 54. Rb7 Kf8 55. Kg1 h5 56. Kf2 Rxc3 57. Rxb6 Rc4 58. Rxg6 Rxa4 59. g4 hxg4
60. hxg4 1/2-1/2

[Event "Douglas ENG, Isle of Man Open 2017"]
[Site "Douglas ENG"]
[Date "2017.09.25"]
[Round "3.49"]
[White "Hopson, Kevin Mike"]
[Black "Gaponenko, Inna"]
[Result "0-1"]
[WhiteElo "1929"]
[BlackElo "2437"]
[PlyCount "60"]
[EventDate "2017.09.23"]
[EventType "swiss"]
[EventRounds "9"]
[EventCountry "ENG"]
[SourceTitle "OM OTB B 201907"]
[Source "Opening Master"]
[SourceDate "2019.07.06"]
[SourceVersion "2"]
[SourceVersionDate "2019.07.06"]
[SourceQuality "1"]

1. e4 c5 2. Nf3 Nc6 3. d4 cxd4 4. Nxd4 Nf6 5. Nc3 d6 6. Be2 e5 7. Nf3 h6 8. O-O
Be7 9. Be3 Be6 10. h3 O-O 11. Nd2 d5 12. exd5 Nxd5 13. Nxd5 Bxd5 14. Bf3 f5 15.
Bxd5+ Qxd5 16. Nb3 Qc4 17. Qd7 f4 18. Bd2 f3 19. g3 Rad8 20. Qg4 Qxc2 21. Bxh6
Rf7 22. Rae1 Rd6 23. Bc1 Rg6 24. Na1 Rxg4 25. Nxc2 Rc4 26. Ne3 Ra4 27. Ng4 Bd6
28. Re3 Rxa2 29. Rd1 Bc5 30. Re4 Bd4 0-1

[Event "MNT-chT"]
[Site "Montenegro"]
[Date "2017.09.25"]
[Round "3.6"]
[White "Ljeskovic, Luka"]
[Black "Pobor, Danilo"]
[Result "0-1"]
[WhiteElo "1713"]
[BlackElo "1947"]
[PlyCount "72"]
[EventDate "2017.09.23"]
[EventType "team"]
[EventRounds "9"]
[EventCountry "MNE"]
[SourceTitle "OM OTB B 201907"]
[Source "Opening Master"]
[SourceDate "2019.07.06"]
[SourceVersion "2"]
[SourceVersionDate "2019.07.06"]
[SourceQuality "1"]
[WhiteTeam "Niksic"]
[BlackTeam "Crnogorac"]
[WhiteTeamCountry "MNE"]
[BlackTeamCountry "MNE"]

1. e4 c5 2. Nf3 Nc6 3. d4 cxd4 4. Nxd4 Nf6 5. Nc3 d6 6. Be2 e5 7. Nb3 Be7 8.
Be3 O-O 9. O-O a5 10. a4 Nb4 11. f4 Be6 12. f5 Bxb3 13. cxb3 d5 14. exd5 Nfxd5
15. Bf2 Nf4 16. Bf3 Nfd3 17. Be3 Qc8 18. Qe2 Bc5 19. Ne4 Nf4 20. Qf2 Bxe3 21.
Qxe3 Nc2 22. Qf2 Nxa1 23. Rxa1 Qxf5 24. Nd6 Qg6 25. Qc5 Nd3 26. Qc7 Qh6 27. Nf5
Qf4 28. Ne7+ Kh8 29. h3 Qd4+ 30. Kh2 e4 31. Be2 Qxb2 32. Bxd3 exd3 33. Rf1 d2
34. Nf5 Rac8 35. Qg3 Rc1 36. Rf2 d1=Q 0-1

[Event "FICS rated standard game"]
[Site "FICS freechess.org"]
[Date "2017.09.25"]
[Round "?"]
[White "exeComp"]
[Black "JACBON"]
[Result "1-0"]
[WhiteElo "2565"]
[BlackElo "1594"]
[PlyCount "40"]
[EventDate "2017.??.??"]
[EventType "swiss"]

1. e4 c5 2. Nf3 Nc6 3. d4 cxd4 4. Nxd4 d6 5. Nc3 Nf6 6. Be2 e5 7. Nf3 Be7 8.
O-O O-O 9. Bg5 Be6 10. Bxf6 Bxf6 11. Nd5 Be7 12. Qd2 Re8 13. a4 Bf8 14. a5 h6
15. Bb5 Qc8 16. Qc3 Bd7 17. a6 b6 18. Qd3 Nb8 19. Ra3 Rd8 20. Rc3 Bxb5 1-0

[Event "Martorell ESP, 35th Open"]
[Site "Martorell ESP"]
[Date "2017.09.23"]
[Round "2.15"]
[White "Marimon Torrens, Jordi"]
[Black "Draghici Flutur, Gavril"]
[Result "0-1"]
[WhiteElo "1891"]
[BlackElo "2026"]
[PlyCount "115"]
[EventDate "2017.09.16"]
[EventType "swiss"]
[EventRounds "9"]
[EventCountry "ESP"]
[SourceTitle "OM OTB B 201907"]
[Source "Opening Master"]
[SourceDate "2019.07.06"]
[SourceVersion "2"]
[SourceVersionDate "2019.07.06"]
[SourceQuality "1"]

1. e4 c5 2. Nf3 Nc6 3. d4 cxd4 4. Nxd4 Nf6 5. Nc3 d6 6. Be2 e5 7. Nb3 Be7 8.
O-O O-O 9. Be3 a5 10. a4 Be6 11. Nd2 d5 12. exd5 Nxd5 13. Nxd5 Bxd5 14. Nc4
Bxc4 15. Bxc4 Qc7 16. Qg4 Kh8 17. Qh5 f5 18. Bf7 Qd6 19. Rad1 Qf6 20. Bb3 f4
21. Bd2 Nd4 22. Bc3 f3 23. Bxd4 fxg2 24. Kxg2 exd4 25. Rd3 Ra6 26. Rh3 h6 27.
Rf3 Qg6+ 28. Qxg6 Rxg6+ 29. Rg3 Rgf6 30. Rd3 Rf4 31. Bd5 b6 32. f3 g5 33. Re1
Bc5 34. Re6 Kg7 35. Be4 R4f6 36. Rxf6 Kxf6 37. c3 dxc3 38. Rxc3 Ke5 39. Rd3 Bd4
40. Rd2 Rc8 41. Rc2 Bc5 42. Rd2 Kf4 43. Re2 Rd8 44. Bc2 Be3 45. b3 Rc8 46. h3
Rc6 47. Bd1 Rc8 48. Re1 Rb8 49. Kh2 h5 50. Kg2 h4 51. Kh2 Rc8 52. Kg2 Rd8 53.
Re2 Ke5 54. Rc2 Rd3 55. Be2 Rxb3 56. Bb5 Rb4 57. Rc4 Rb2+ 58. Kh1 0-1